000 00726nam a2200229Ia 4500
003 GCL
008 140319s9999 xx 000 0 ara d
040 _aGCL /
_cGCL
082 0 4 _a809.3
_bو ر
100 1 _aويست، بول
245 1 0 _aالرواية الحديثة: الانكليزية والفرنسية /
_cويست، بول
700 1 _aعبدالواحد محمد
260 _a[S.N] :
_bالهيئة المصرية العامة للكتاب ،
_c1986
300 _a291 ص
490 _aالالف كتاب
_v0
650 0 4 _aالادب
650 0 4 _aالقصص الانجليزية
650 0 4 _aالقصص
650 0 4 _aالقصص الفرنسية
650 0 4 _aتاريخ ونقد
942 _2ddc
_cBK
999 _c59007
_d59007